00752nam a2200193 a 4500001001000000003000900010005001700019008004100036040002500077082002000102100002500122245011100147260003800258300003100296504002800327650004700355651007300402651008300475000021827DO-SdBNP20211123113121.0100913s1986 dr c 000 0 spa d aDO-SdBNPbspacBNPHU a972.9365bM425s1 aMata Olivo, Mercedes10aSánchez : cien años de vida municipal /cMercedes Mata Olivo, Dulce María Olivo, Graciela Paredes R. aSanto Domingo :bNordeste,c1986. a144 p. :bretrs. ;c21 cm. aBibliografía : p. 143 4aCiudades y puebloszRepública Dominicana 4aSanta Bárbara de Samaná (República Dominicana)xHistoria local 4aSanta Bárbara de Samaná (República Dominicana)xVida social y costumbres